书目信息 |
| 题名: |
材料力学
|
|
| 作者: | 倪樵 , 李国清 , 钱勤 编 | |
| 分册: | ||
| 出版信息: | 武汉 华中科技大学出版社 2006.02 |
|
| 页数: | 226页 | |
| 开本: | 26cm | |
| 丛书名: | ||
| 单 册: | ||
| 中图分类: | TB301 | |
| 科图分类: | ||
| 主题词: | 材料力学--cai liao li xue--高等学校--教材 | |
| 电子资源: | ||
| ISBN: | 7-5609-3651-2 | |
| 000 | 00982nam0 2200289 450 | |
| 001 | 012006315018 | |
| 005 | 20060904104123.25 | |
| 010 | @a7-5609-3651-2@dCNY22.50 | |
| 100 | @a20060611d2006 km y0chiy0120 ea | |
| 101 | 0 | @achi |
| 102 | @aCN@b420000 | |
| 105 | @aa a 000yy | |
| 200 | 1 | @a材料力学@Acai liao li xue@f倪樵, 李国清, 钱勤编@Fni qiao,li guo qing,qian qin bian |
| 210 | @a武汉@c华中科技大学出版社@d2006.02 | |
| 215 | @a226页@c图@d26cm | |
| 300 | @a湖北省精品课程教材 | |
| 312 | @a英文并列题名取之封面 | |
| 320 | @a有书目。 | |
| 330 | @a结合作者多年的教学实践和研究成果,采用国家新颁布的符号标准和称谓,如轴力(FN)剪力(FS)等,删除了一些不合事宜的、以及过泛的内容。 | |
| 510 | 1 | @aMechanics of materials@zeng |
| 606 | 0 | @a材料力学@Acai liao li xue@x高等学校@j教材 |
| 690 | @aTB301@v4 | |
| 701 | 0 | @a倪樵@Ani qiao@4编 |
| 701 | 0 | @a李国清@Ali guo qing@4编 |
| 701 | 0 | @a钱勤@Aqian qin@4编 |
| 801 | 0 | @aCN@bQSSK@c20060904 |
| 905 | @a10447@dTB301@eN509 | |
| 材料力学/倪樵, 李国清, 钱勤编.-武汉:华中科技大学出版社,2006.02 |
| 226页:图;26cm |
| 湖北省精品课程教材 |
| ISBN 7-5609-3651-2:CNY22.50 |
| 结合作者多年的教学实践和研究成果,采用国家新颁布的符号标准和称谓,如轴力(FN)剪力(FS)等,删除了一些不合事宜的、以及过泛的内容。 |
| ● |
| 相关链接 |
|
|
|
正题名:材料力学
索取号:TB301/N509
 
预约/预借
| 序号 | 登录号 | 条形码 | 馆藏地/架位号 | 状态 | 备注 |
| 1 | 585444 | 205854440 | 自科库501/501自科库 11排1列4层/ [索取号:TB301/N509] | 在馆 | |
| 2 | 585445 | 205854459 | 自科库501/501自科库 11排1列4层/ [索取号:TB301/N509] | 在馆 | |
| 3 | 585446 | 205854468 | 自科库501/501自科库 11排1列4层/ [索取号:TB301/N509] | 在馆 |